Analysis of sovereign risk market indicators: the case of the Czech Republic

Riziková prémia štátnych dlhopisov a jej náchylnosť k zmene v prípade súčasnej dlhovej krízy so zameraním na Českú republiku. Autori skúmajú swap úverového zlyhania (CDS) ako možný ukazovateľ pre meranie úverového rizika štátu a analyzujú vzťah medzi trhom štátnych CDS a trhom štátnych dlhopisov.

Saved in:
Bibliographic Details
Main Author: Komárková, Zlatuše
Other Authors: Lešanovská, Jitka, Komárek, Luboš
Format: Book Chapter
Language:English
Subjects:
Tags: Add Tag
No Tags, Be the first to tag this record!

MARC

LEADER 00000naa a2200000 4500
001 0174465
005 20231010120412.9
041 0 |a eng 
044 |a CZ 
245 1 0 |a Analysis of sovereign risk market indicators: the case of the Czech Republic  |c Zlatuše Komárková, Jitka Lešanovská, Luboš Komárek 
520 |a Riziková prémia štátnych dlhopisov a jej náchylnosť k zmene v prípade súčasnej dlhovej krízy so zameraním na Českú republiku. Autori skúmajú swap úverového zlyhania (CDS) ako možný ukazovateľ pre meranie úverového rizika štátu a analyzujú vzťah medzi trhom štátnych CDS a trhom štátnych dlhopisov. 
610 2 0 |a trh finančný medzinárodný 
610 2 0 |a dlhopisy štátne 
610 2 0 |a riziko úverové 
610 2 0 |a kríza finančná 
610 2 0 |a prémie 
610 2 0 |a Česko 
100 1 |a Komárková, Zlatuše 
700 1 |a Lešanovská, Jitka 
700 1 |a Komárek, Luboš